| 000 | 004690000a22001930004500 | ||
|---|---|---|---|
| 001 | 001721 | ||
| 003 | MACL | ||
| 005 | 20151025124333.0 | ||
| 008 | 151025b xxu||||| |||| 00| 0 eng d | ||
| 040 |
_aMACL _cMACL |
||
| 041 | _aEnglish | ||
| 082 | _a923.301/VIK | ||
| 100 |
_aVinay, Vikash _916660 |
||
| 245 |
_aWho Is Indian _cVikash Vinay |
||
| 260 |
_aNew Delhi _c2004 _bAcademic Excellence, |
||
| 350 | _a295 | ||
| 650 |
_aBiography _916661 |
||
| 942 |
_k923 _cBK _2ddc |
||
| 999 |
_c13638 _d13638 |
||